1713 1928 1692 1142 1202 1635 1293 1803 1213 1977 1596 1501 1078 1044 1986 1830 1583 1380 1884 1482 1042 1640 1794 1733 1153 1056 1992 1756 1723 1717 1930 1407 1303 1787 1309 1272 1385 1687 1354 1186 1128 1257 1800 1190 1815 1231 1454 1256 1425 1945 1311 1086 1128 1876 1193 1990 1303 1442 1261 1626 1540 1820 1495 1751 1118 1656 1912 1126 1516 1521 1062 1031 1758 1470 1106 1094 1952 1640 1990 1367 1085 1538 1766 1035 1666 1992 1067 1095 1497 1845 1660 1249 1853 1058 1280 1950 1448 1362 1152 BCNSPRNW ULIB Ver.6.0+V

เปลี่ยนเป็นภาษาไทย

Change to English
 แสดงรายละเอียดบรรณานุกรม
  กลับหน้าหลัก

Brief Record : Get Marc (ISO 2709) : E-mail record : QR code < ปิดหน้าต่าง
LEADER : 00000nam 2200000uu 4500
001    13399122479
003     ULIB
008    130704s||||||||th 000 0 tha d
020    ^a9786167323886
060 04 ^aW225.JT3^bข282น
245 00 ^aยุทธศาสตร์การพัฒนาระบบหลักประกันสุขภาพแห่งชาติปี 2555-2559 /^cสำนักงานหลักประกันสุขภาพแห่งชาติ
250    ^aพิมพ์ครั้งที่ 1
260    ^aนนทบุรี :^bสำนักงานหลักประกันสุขภาพแห่งชาติ,^c2556
300    ^aix, 104 หน้า ;^c26 ซม.
650  2 ^aInsurance, Health^zThailand
650  2 ^aMedically Uninsured^zThailand
650  7 ^aบริการทางการแพทย์
650  7 ^aประกันสุขภาพ^zไทย
650  2 หลักประกันสุขภาพแห่งชาติปี 2555-2559
710 2  ^aสำนักงานหลักประกันสุขภาพแห่งชาติ
945    ^p0^l0^i033721
999    ^aเกษร โพธิ์สุวรรณ
รายการนี้ยังไม่มีแท็ก
คุณยังไม่ได้ล็อกอิน คุณสามารถมีกิจกรรมร่วมกับเว็บไซต์ได้ แต่ต้องล็อกอินก่อน ::
  ล็อกอิน

รายการสื่อสารสนเทศ

ลำดับที่ ประเภท เลขเรียก/บาร์โค้ด สถานที่ สถานะ
1. วิทยาศาสตร์การแพทย์ และสุขภาพ
หนังสือสำรอง
สถานะ=หนังสือสำรอง
W225.JT3 ข282น ฉ.1 
  Barcode: 033721
ห้องสมุดวิทยาเขตสวรรค์ประชารักษ์
►ส่วนจัดเก็บหนังสือเก่า สปร
บนชั้น
  ขอยืม

รายการใกล้เคียง
    หัวเรื่อง [บริการทางการแพทย์]

BibComment


ยังไม่เคยถูกคอมเมนท์

คอมเมนท์ทรัพยากรรายการนี้
  คอมเมนท์: ยุทธศาสตร์การพัฒ..


 Copyright 2026. Bcnsprnw @Library